000 01152nam a2200313 4500
001 0000014217
003 CO-CtgCURN
005 20250507230922.0
007 ta
008 160627s1997 000 0 eng d
020 _a9586532267
040 _aCO-CtgCURN
_bspa
_ccoctgcurn
082 0 _a336.2209
_bC15t
100 1 _aCamacho Montoya, Alvaro.
245 1 0 _aTributos sobre la propiedad raiz :
_bincluye impuestos a la propiedad horizontal.
250 _a2a ed.
260 _aBogotá :
_bLegis,
_c1997.
300 _a290 p.
336 _2rdacontent
337 _2rdamedia
_asin mediacion
_bn
338 _2rdacarrier
_avolumen
_bnc
500 _aIncluye indice.
504 _aBibliografia (p. 291-296)
505 8 _aTributos que gravan la propiedad raiz.--El impuesto predial unificado.--Tributos para la corporacion autonoma regional.--Gravamen a la plusvalia de bienes inmuebles.--El impuesto delineamiento y las tasas de curadores urbanos
650 1 4 _aImpuestos inmobiliarios
_zColombia.
908 _a160627
942 _cBK
_h336.2209
_iC15t
_2ddc
_n0
999 _c18455
_d18455